| 000 | 00869cam a22002651a 4500 | ||
|---|---|---|---|
| 001 | 18185144 | ||
| 005 | 20150419153629.0 | ||
| 008 | 140610t2015 flua frb 001 0 eng | ||
| 020 | _a9781444180619 | ||
| 040 |
_aDNLM/DLC _beng _cDLC _dDLC _dEG-ScBUE |
||
| 082 | 0 | 0 |
_a174.29073 _bBAI _222 |
| 100 | 1 |
_aBaillie, Lesley. _937642 |
|
| 245 | 1 | 0 |
_aProfessional values in nursing / _cLesley Baillie, Sharon Black. |
| 260 |
_aBoca Raton : _bCRC Press / Taylor & Francis Group, _cc.2015. |
||
| 300 |
_axii, 291 p. : _bill. ; _c25 cm. |
||
| 500 | _aIndex : p. 285-291. | ||
| 504 | _aIncludes bibliographical references. | ||
| 650 | 0 |
_aNursing ethics. _923551 |
|
| 650 | 0 |
_aClinical competence. _937655 |
|
| 650 | 0 |
_aNurse's Role. _937656 |
|
| 653 |
_bNNUR _cApril2015 |
||
| 655 |
_vreading book _934232 |
||
| 700 | 1 |
_aBlack, Sharon, _d1973- _937646 |
|
| 942 |
_2ddc _k174.29073 BAI |
||
| 999 |
_c19194 _d19166 |
||